The A B C of Door to Door Visitation / (Record no. 5545)

MARC details
000 -LEADER
fixed length control field 00602nam a22002177a 4500
003 - CONTROL NUMBER IDENTIFIER
control field GBCCL
005 - DATE AND TIME OF LATEST TRANSACTION
control field 20241126110544.0
008 - FIXED-LENGTH DATA ELEMENTS--GENERAL INFORMATION
fixed length control field 180327b ||||| |||| 00| 0 eng d
020 ## - INTERNATIONAL STANDARD BOOK NUMBER
International Standard Book Number 0903843072
040 ## - CATALOGING SOURCE
Transcribing agency gbc
082 ## - DEWEY DECIMAL CLASSIFICATION NUMBER
Classification number 253.76
Item number SMI
100 ## - MAIN ENTRY--PERSONAL NAME
Personal name Smith, Ron
9 (RLIN) 7018
245 ## - TITLE STATEMENT
Title The A B C of Door to Door Visitation /
Statement of responsibility, etc. Ron Smith
250 ## - EDITION STATEMENT
Edition statement 6th Printing
260 ## - PUBLICATION, DISTRIBUTION, ETC.
Name of publisher, distributor, etc. STL Books,
Place of publication, distribution, etc. Bromley:
Date of publication, distribution, etc. 1979
300 ## - PHYSICAL DESCRIPTION
Extent 173 p.;
Dimensions 18 cm.
650 ## - SUBJECT ADDED ENTRY--TOPICAL TERM
Topical term or geographic name entry element Witness Bearing
Form subdivision Christianity
9 (RLIN) 10012
650 ## - SUBJECT ADDED ENTRY--TOPICAL TERM
Topical term or geographic name entry element Church Work
9 (RLIN) 64
650 ## - SUBJECT ADDED ENTRY--TOPICAL TERM
Topical term or geographic name entry element Personal Evangelism
Form subdivision Visiting
General subdivision Manuals
9 (RLIN) 10013
942 ## - ADDED ENTRY ELEMENTS (KOHA)
Source of classification or shelving scheme Dewey Decimal Classification
Koha item type Books
Holdings
Withdrawn status Lost status Source of classification or shelving scheme Damaged status Not for loan Home library Current Library Shelving location Date acquired Total checkouts Full call number Barcode Date last seen Copy number Price effective from Koha item type
    Dewey Decimal Classification     GRACE BIBLE COLLEGE GRACE BIBLE COLLEGE Ministry & Mission 2018-03-27   253.76 SMI 001396 2021-01-25 c.1 2018-03-27 Books
© Grace Bible College Library 2025